El mundo y la iglesia

Bewaard in:
Bibliografische gegevens
Hoofdauteur: Schillebeeckx, Edward (Auteur)
Formaat: Boek
Taal:Spaans
Gepubliceerd in: Salamanca Sígueme 1970
Editie:2a. ed
Reeks:Colección Verdad e Imagen, 7
Onderwerpen:
Tags: Voeg label toe
Geen labels, Wees de eerste die dit record labelt!

MARC

LEADER 00000nam a2200000 a 4500
001 UCR2103
003 CL-VaPUC
008 980109e19700000SP |||||||||||||||||spa|d
082 0 4 |a 261  |b SCH  |2 21 
100 0 |a Schillebeeckx, Edward  |e author  |9 321226 
245 1 3 |a El mundo y la iglesia 
250 |a 2a. ed 
300 |a 447 p 
942 |c BK 
945 |d 19980109 00:00:00  |a jquezada 
260 |a Salamanca  |b Sígueme  |c 1970 
650 0 |a Teología social  |9 326726 
650 0 |a Guerra  |9 255876 
650 7 |a HUMANISMO EXISTENCIALISTA  |2 CL-VaPUC  |9 399789 
650 0 |a Humanismo  |9 256530 
650 7 |a MARXISMO  |2 CL-VaPUC  |9 399790 
650 0 |a Humanismo cristiano  |9 257489 
650 0 |a Comunismo  |9 255588 
650 7 |a DOCTRINAS RELIGIOSAS  |2 CL-VaPUC  |9 337177 
650 0 |a Doctrinas políticas  |9 255835 
650 0 |a Laicismo  |9 313856 
650 7 |a RELIGIOSIDAD  |2 CL-VaPUC  |9 394694 
650 7 |a CARIDAD  |2 CL-VaPUC  |9 307339 
650 0 |a Valores religiosos  |9 399791 
583 |a last modification  |c 19980109 00:00:00  |k Rodrigo Vera 
490 0 |a Colección Verdad e Imagen, 7 
999 |c 265368  |d 265366 
952 |0 0  |1 0  |4 0  |6 261_000000000000000_SCH_1970  |7 0  |8 A  |9 296266  |a BIBTEO  |b BIBTEO  |d 2019-11-20  |i 3387348  |o 261 SCH 1970  |p 3387348  |r 2025-01-17  |w 2019-11-20  |y BK  |k ICR 
952 |0 0  |1 0  |4 0  |6 261_000000000000000_SCH_1970  |7 0  |8 A  |9 296267  |a BIBTEO  |b BIBTEO  |d 2019-11-20  |i 4304519  |o 261 SCH 1970  |p 4304519  |r 2025-01-17  |w 2019-11-20  |y BK  |k ICR